Vedic arithmetics (Record no. 10541)

MARC details
000 -LEADER
fixed length control field 00556cam a2200217ua 4500
001 - CONTROL NUMBER
control field 11753
005 - DATE AND TIME OF LATEST TRANSACTION
control field 20260515114809.0
008 - FIXED-LENGTH DATA ELEMENTS--GENERAL INFORMATION
fixed length control field 191101n ii |||gr||||Z||||||eng
020 ## - INTERNATIONAL STANDARD BOOK NUMBER
International Standard Book Number 9788180303593
040 ## - CATALOGING SOURCE
Transcribing agency MAIN
041 ## - LANGUAGE CODE
Language code of text/sound track or separate title eng
082 ## - DEWEY DECIMAL CLASSIFICATION NUMBER
Classification number 510
100 ## - MAIN ENTRY--PERSONAL NAME
Personal name Vinod Kumar Pandey,
Relator term Author.
245 ## - TITLE STATEMENT
Title Vedic arithmetics
Statement of responsibility, etc. By Vinod Kumar Pandey and Purushottam Tiwari
250 ## - EDITION STATEMENT
Edition statement 1st ed.
260 ## - PUBLICATION, DISTRIBUTION, ETC.
Place of publication, distribution, etc. New Delhi:
Name of publisher, distributor, etc. Campus books,
Date of publication, distribution, etc. 2012.
300 ## - PHYSICAL DESCRIPTION
Extent 238p.
653 ## - INDEX TERM--UNCONTROLLED
Uncontrolled term Mathematics
700 ## - ADDED ENTRY--PERSONAL NAME
Personal name Purushottam Tiwari,
Relator term Author.
942 ## - ADDED ENTRY ELEMENTS (KOHA)
Koha item type Books
Holdings
Withdrawn status Lost status Damaged status Not for loan Home library Current library Shelving location Date acquired Total checkouts Full call number Barcode Date last seen Copy number Price effective from Koha item type
        Naharkatiya College Library Naharkatiya College Library General stacks 09/19/2020   510 | PAN 24670 09/19/2020 1 09/19/2020 Books